000 00920nam0a22002651 4500
001 rc\3453801
005 20130115123748.7
021 _aRU
_b71-46933
021 _aRU
_bРг1647-72
035 _a(NLR Aleph) 007882411
090 _a7926203
_c7926203
100 _a20130115d1971 |||y0rusy50 ca
101 0 _arus
102 _aRU
105 _ay j |||||
200 1 _aДревнерусское государство
_eЛекции
_fВоен.-полит. орденов Ленина и Октябрьской революции краснознам. акад. им. В.И. Ленина
210 _aМосква
_cБ. и.
_d1971
215 _a67 с.
_d20
300 _aПеред загл. авт.: проф. В.С. Орлов
700 1 _aОрлов
_bВ. С.
_gВасилий Сергеевич
801 0 _aRU
_bNLR
_gpsbo
801 1 _aRU
_bELAR
_2rusmarc
852 _aNLR
_j72-4/1964
942 _cBOOK
980 _aNB